000 00789 a2200217 4500
999 _c2973
_d2973
020 _a0865439850 (hard cover)
020 _a0865439869 (pbk.)
050 0 0 _aJQ1879 AFR 2002
100 1 _aSklar, Richard L.
245 1 0 _aAfrican politics in postimperial times :
_bthe essays of Richard L. Sklar /
_cedited by Toyin Falola.
264 _aTrenton, NJ
_bAfrica World Press
_c2002
300 _alxxxvi, 755 p. :
_bill., map ;
440 0 _aClassic authors and texts on Africa
500 _aAfrican politics
504 _aIncludes bibliographical references and index.
650 0 _aDemocracy
651 0 _aAfrica
700 1 _aFalola, Toyin.
942 _2lcc
_cBK
_h1879
_iAFR
_kJQ